[Event "SLO-ch blind int 13th"]
[Site "Izola"]
[Date "2019.06.08"]
[Round "6"]
[White "Berisha, Xhafer"]
[Black "Kastrati, Shaip"]
[Result "0-1"]
[WhiteElo "1340"]
[BlackElo "1586"]
[PlyCount "54"]
[EventDate "2019.06.03"]
[EventType "swiss"]
[EventRounds "7"]
[EventCountry "SLO"]
[SourceTitle "CBM 190 Extra"]
[Source "ChessBase"]
[SourceDate "2019.07.15"]
[SourceVersion "1"]
[SourceVersionDate "2019.07.15"]
[SourceQuality "1"]

1. d4 Nf6 2. Bg5 e6 3. e4 Be7 4. Nd2 c6 5. Ngf3 Qb6 6. Nc4 Qc7 7. e5 Nd5 8. Bxe7 Kxe7 9. Nd6 b5 10. Qd2 h6 11. Bd3 Na6 12. c3 Qb6 13. 0-0 c5 14. Bxb5 cxd4 15. Qxd4 Qxd4 16. Nxd4 Nc5 17. Rac1 a6 18. Bc4 Nf4 19. g3 Nfd3 20. Bxd3 Nxd3 21. Rc2 Nxe5 22. Nxc8+ Rhxc8 23. Rd2 Rab8 24. Re1 Nc4 25. Nf5+ Kf6 26. Nd6 Nxd2 27. Nxc8 Nf3+ 0-1